书目信息 |
| 题名: |
建筑空间设计入门
|
|
| 作者: | 邵郁 , 孙澄 主编 | |
| 分册: | ||
| 出版信息: | 北京 中国建筑工业出版社 2021.09 |
|
| 页数: | 149页 | |
| 开本: | 26cm | |
| 丛书名: | A+U高等学校建筑学与城乡规划专业教材 | |
| 单 册: | ||
| 中图分类: | TU201 | |
| 科图分类: | ||
| 主题词: | 建筑空间--jian zhu kong jian--建筑设计--高等学校--教材 | |
| 电子资源: | ||
| ISBN: | 978-7-112-26348-6 | |
| 000 | 01560nam 2200301 450 | |
| 001 | 2332301905 | |
| 005 | 20230505091049.30 | |
| 010 | @a978-7-112-26348-6@dCNY49.00 | |
| 100 | @a20211104d2021 em y0chiy50 ea | |
| 101 | 0 | @achi |
| 102 | @aCN@b110000 | |
| 105 | @aa a 000yy | |
| 200 | 1 | @a建筑空间设计入门@Ajian zhu kong jian she ji ru men@d= Architecture and urban@f邵郁, 孙澄主编@zeng |
| 210 | @a北京@c中国建筑工业出版社@d2021.09 | |
| 215 | @a149页@c图@d26cm | |
| 225 | 2 | @aA+U高等学校建筑学与城乡规划专业教材@AA+U gao deng xue xiao jian zhu xue yu cheng xiang gui hua zhuan ye jiao cai |
| 314 | @a邵郁, 教授, 博导, 哈尔滨工业大学建筑学院副院长。孙澄, 教授, 博导, 哈尔滨工业大学建筑学院院长。 | |
| 320 | @a有书目 | |
| 330 | @a本书主要内容涵盖建筑空间设计的知识点、技能训练和教学实施方案的编撰, 每章设置“基础理论”“案例分析”以及“作业点评”三个部分。通过基础理论知识讲解, 将建筑空间设计所涉及的空间、功能、界面、光影、单元组合以及设计认知与表达等核心知识点进行系统性理论归纳总结, 帮助读者掌握基本概念 ; 通过大师经典案例的分析, 帮助读者加深知识理解 ; 通过实录哈尔滨工业大学建筑设计基础课程以及学生作业点评, 帮助读者掌控设计进程和设计深度。 | |
| 333 | @a住房城乡建设部土建类学科专业“十三五”规划教材 | |
| 410 | 0 | @12001 @aA+U高等学校建筑学与城乡规划专业教材 |
| 510 | 1 | @a=Architecture and urban@zeng |
| 606 | 0 | @a建筑空间@Ajian zhu kong jian@x建筑设计@x高等学校@j教材 |
| 690 | @aTU201@v5 | |
| 701 | 0 | @a邵郁@Ashao yu@4主编 |
| 701 | 0 | @a孙澄@Asun cheng@4主编 |
| 801 | 0 | @aCN@b河南城建学院图书馆@c20220910 |
| 905 | @dTU201@eS339@f2 | |
| 建筑空间设计入门= Architecture and urban/邵郁, 孙澄主编.-北京:中国建筑工业出版社,2021.09 |
| 149页:图;26cm.-(A+U高等学校建筑学与城乡规划专业教材) |
| 使用对象:住房城乡建设部土建类学科专业“十三五”规划教材 |
| ISBN 978-7-112-26348-6:CNY49.00 |
| 本书主要内容涵盖建筑空间设计的知识点、技能训练和教学实施方案的编撰, 每章设置“基础理论”“案例分析”以及“作业点评”三个部分。通过基础理论知识讲解, 将建筑空间设计所涉及的空间、功能、界面、光影、单元组合以及设计认知与表达等核心知识点进行系统性理论归纳总结, 帮助读者掌握基本概念 ; 通过大师经典案例的分析, 帮助读者加深知识理解 ; 通过实录哈尔滨工业大学建筑设计基础课程以及学生作业点评, 帮助读者掌控设计进程和设计深度。 |
| ● |
| 相关链接 |
|
|
|
正题名:建筑空间设计入门
索取号:TU201/S339
 
预约/预借
| 序号 | 登录号 | 条形码 | 馆藏地/架位号 | 状态 | 备注 |
| 1 | 1504371 | 215043717 | 建筑与城市规划学院资料室/ [索取号:TU201/S339] | 在馆 | |
| 2 | 1504372 | 215043726 | 建筑与城市规划学院资料室/ [索取号:TU201/S339] | 在馆 |